MANUAL OF MATERNAL MORTALITY / (Record no. 798846)

MARC details
000 -LEADER
fixed length control field 00491pam a2200193 a 4500
020 ## - INTERNATIONAL STANDARD BOOK NUMBER
International Standard Book Number 9489380206059
Terms of availability 160.00
041 ## - LANGUAGE CODE
Language code of text/sound track or separate title eng
Language code of original NULL
082 ## - DEWEY DECIMAL CLASSIFICATION NUMBER
Classification number 618.2
Item number SOL/DAR
100 ## - MAIN ENTRY--PERSONAL NAME
Personal name SOLEPURE, A .
245 ## - TITLE STATEMENT
Title MANUAL OF MATERNAL MORTALITY /
Statement of responsibility, etc. NULL.
Medium Textual Documents
260 ## - PUBLICATION, DISTRIBUTION, ETC.
Place of publication, distribution, etc. NULL :
Name of publisher, distributor, etc. NATIONAL BOOK DEPO. ,
Date of publication, distribution, etc. 2010.
300 ## - PHYSICAL DESCRIPTION
Extent 136 ;
Dimensions A4.
365 ## - TRADE PRICE
Price type code 160.00
Price note 1
650 ## - SUBJECT ADDED ENTRY--TOPICAL TERM
Topical term or geographic name entry element OBST.GYNE
700 ## - ADDED ENTRY--PERSONAL NAME
Personal name DARADE, R .
907 ## - LOCAL DATA ELEMENT G, LDG (RLIN)
a 9143
930 ## - EQUIVALENCE OR CROSS-REFERENCE-UNIFORM TITLE HEADING [LOCAL, CANADA]
Uniform title 4312
Holdings
Withdrawn status Lost status Damaged status Not for loan Home library Current library Date acquired Cost, normal purchase price Total Checkouts Full call number Barcode Date last seen Copy number Price effective from Koha item type
        Medical College & Hospital, Sangli Medical College & Hospital, Sangli 28/11/2011 160.00   618.2 SOL/DAR MCS-9143 26/07/2023 2 26/07/2023 Book
        Medical College & Hospital, Sangli Medical College & Hospital, Sangli 28/11/2011 160.00   618.2 SOL/DAR MCS-9142 26/07/2023 1 26/07/2023 Book